<?xml version="1.0" encoding="UTF-8"?>
<record
    xmlns:xsi="http://www.w3.org/2001/XMLSchema-instance"
    xsi:schemaLocation="http://www.loc.gov/MARC21/slim http://www.loc.gov/standards/marcxml/schema/MARC21slim.xsd"
    xmlns="http://www.loc.gov/MARC21/slim">

  <leader>03095nam0a2200409   4500</leader>
  <controlfield tag="001">RU\NLR\BIBL_A\012161631</controlfield>
  <controlfield tag="005">20200131172116.0</controlfield>
  <datafield tag="010" ind1=" " ind2=" ">
    <subfield code="a">978-5-7810-1870-3</subfield>
    <subfield code="9">70</subfield>
  </datafield>
  <datafield tag="021" ind1=" " ind2=" ">
    <subfield code="a">RU</subfield>
    <subfield code="b">&#x41A;&#x41D;-&#x41F;-19-084899</subfield>
    <subfield code="9">&#x41A;&#x41D;-&#x41F;-19-6175</subfield>
  </datafield>
  <datafield tag="035" ind1=" " ind2=" ">
    <subfield code="a">(NLR Aleph) 012161631</subfield>
  </datafield>
  <datafield tag="035" ind1=" " ind2=" ">
    <subfield code="a">(RuMoRGB)010152309</subfield>
  </datafield>
  <datafield tag="090" ind1=" " ind2=" ">
    <subfield code="a">12193357</subfield>
    <subfield code="c">12193357</subfield>
  </datafield>
  <datafield tag="100" ind1=" " ind2=" ">
    <subfield code="a">20191211d2019    k  y0rusy50      ca</subfield>
  </datafield>
  <datafield tag="101" ind1="0" ind2=" ">
    <subfield code="a">rus</subfield>
    <subfield code="a">ger</subfield>
    <subfield code="a">slo</subfield>
    <subfield code="a">eng</subfield>
  </datafield>
  <datafield tag="102" ind1=" " ind2=" ">
    <subfield code="a">RU</subfield>
  </datafield>
  <datafield tag="105" ind1=" " ind2=" ">
    <subfield code="a">y|||z|||110zy</subfield>
  </datafield>
  <datafield tag="200" ind1="1" ind2=" ">
    <subfield code="a">&#x41E;&#x442; &#x434;&#x438;&#x444;&#x444;&#x435;&#x440;&#x435;&#x43D;&#x446;&#x438;&#x430;&#x446;&#x438;&#x438; &#x43D;&#x430;&#x443;&#x43A; - &#x43A; &#x442;&#x440;&#x430;&#x43D;&#x441;&#x434;&#x438;&#x441;&#x446;&#x438;&#x43F;&#x43B;&#x438;&#x43D;&#x430;&#x440;&#x43D;&#x43E;&#x441;&#x442;&#x438;</subfield>
    <subfield code="e">&#x43C;&#x430;&#x442;&#x435;&#x440;&#x438;&#x430;&#x43B;&#x44B; &#x412;&#x441;&#x435;&#x440;&#x43E;&#x441;&#x441;&#x438;&#x439;&#x441;&#x43A;&#x43E;&#x439; &#x43D;&#x430;&#x443;&#x447;&#x43D;&#x43E;-&#x43F;&#x440;&#x430;&#x43A;&#x442;&#x438;&#x447;&#x435;&#x441;&#x43A;&#x43E;&#x439; &#x43A;&#x43E;&#x43D;&#x444;&#x435;&#x440;&#x435;&#x43D;&#x446;&#x438;&#x438; &#x441; &#x43C;&#x435;&#x436;&#x434;&#x443;&#x43D;&#x430;&#x440;&#x43E;&#x434;&#x43D;&#x44B;&#x43C; &#x443;&#x447;&#x430;&#x441;&#x442;&#x438;&#x435;&#x43C;, &#x43F;&#x43E;&#x441;&#x432;&#x44F;&#x449;&#x435;&#x43D;&#x43D;&#x43E;&#x439; 250-&#x43B;&#x435;&#x442;&#x438;&#x44E; &#x410;&#x43B;&#x435;&#x43A;&#x441;&#x430;&#x43D;&#x434;&#x440;&#x430; &#x444;&#x43E;&#x43D; &#x413;&#x443;&#x43C;&#x431;&#x43E;&#x43B;&#x44C;&#x434;&#x442;&#x430; (&#x410;&#x431;&#x430;&#x43A;&#x430;&#x43D;, 25-27 &#x441;&#x435;&#x43D;&#x442;&#x44F;&#x431;&#x440;&#x44F; 2019 &#x433;.)</subfield>
    <subfield code="f">&#x41C;&#x438;&#x43D;&#x438;&#x441;&#x442;&#x435;&#x440;&#x441;&#x442;&#x432;&#x43E; &#x43D;&#x430;&#x443;&#x43A;&#x438; &#x438; &#x432;&#x44B;&#x441;&#x448;&#x435;&#x433;&#x43E; &#x43E;&#x431;&#x440;&#x430;&#x437;&#x43E;&#x432;&#x430;&#x43D;&#x438;&#x44F; &#x420;&#x43E;&#x441;&#x441;&#x438;&#x439;&#x441;&#x43A;&#x43E;&#x439; &#x424;&#x435;&#x434;&#x435;&#x440;&#x430;&#x446;&#x438;&#x438;, &#x424;&#x435;&#x434;&#x435;&#x440;&#x430;&#x43B;&#x44C;&#x43D;&#x43E;&#x435; &#x433;&#x43E;&#x441;&#x443;&#x434;&#x430;&#x440;&#x441;&#x442;&#x432;&#x435;&#x43D;&#x43D;&#x43E;&#x435; &#x431;&#x44E;&#x434;&#x436;&#x435;&#x442;&#x43D;&#x43E;&#x435; &#x43E;&#x431;&#x440;&#x430;&#x437;&#x43E;&#x432;&#x430;&#x442;&#x435;&#x43B;&#x44C;&#x43D;&#x43E;&#x435; &#x443;&#x447;&#x440;&#x435;&#x436;&#x434;&#x435;&#x43D;&#x438;&#x435; &#x432;&#x44B;&#x441;&#x448;&#x435;&#x433;&#x43E; &#x43E;&#x431;&#x440;&#x430;&#x437;&#x43E;&#x432;&#x430;&#x43D;&#x438;&#x44F; "&#x425;&#x430;&#x43A;&#x430;&#x441;&#x441;&#x43A;&#x438;&#x439; &#x433;&#x43E;&#x441;&#x443;&#x434;&#x430;&#x440;&#x441;&#x442;&#x432;&#x435;&#x43D;&#x43D;&#x44B;&#x439; &#x443;&#x43D;&#x438;&#x432;&#x435;&#x440;&#x441;&#x438;&#x442;&#x435;&#x442; &#x438;&#x43C;. &#x41D;. &#x424;. &#x41A;&#x430;&#x442;&#x430;&#x43D;&#x43E;&#x432;&#x430;", &#x418;&#x43D;&#x441;&#x442;&#x438;&#x442;&#x443;&#x442; &#x444;&#x438;&#x43B;&#x43E;&#x43B;&#x43E;&#x433;&#x438;&#x438; &#x438; &#x43C;&#x435;&#x436;&#x43A;&#x443;&#x43B;&#x44C;&#x442;&#x443;&#x440;&#x43D;&#x43E;&#x439; &#x43A;&#x43E;&#x43C;&#x43C;&#x443;&#x43D;&#x438;&#x43A;&#x430;&#x446;&#x438;&#x438;</subfield>
    <subfield code="g">[&#x440;&#x435;&#x434;&#x430;&#x43A;&#x446;&#x438;&#x43E;&#x43D;&#x43D;&#x430;&#x44F; &#x43A;&#x43E;&#x43B;&#x43B;&#x435;&#x433;&#x438;&#x44F;: &#x418;. &#x41F;. &#x410;&#x43C;&#x437;&#x430;&#x440;&#x430;&#x43A;&#x43E;&#x432;&#x430;, &#x434;-&#x440; &#x444;&#x438;&#x43B;&#x43E;&#x43B;. &#x43D;&#x430;&#x443;&#x43A;, &#x43F;&#x440;&#x43E;&#x444;&#x435;&#x441;&#x441;&#x43E;&#x440; (&#x43E;&#x442;&#x432;. &#x440;&#x435;&#x434;&#x430;&#x43A;&#x442;&#x43E;&#x440;) &#x438; &#x434;&#x440;.]</subfield>
  </datafield>
  <datafield tag="210" ind1=" " ind2=" ">
    <subfield code="a">&#x410;&#x431;&#x430;&#x43A;&#x430;&#x43D;</subfield>
    <subfield code="c">&#x418;&#x437;&#x434;-&#x432;&#x43E; &#x424;&#x413;&#x411;&#x41E;&#x423; &#x412;&#x41E; "&#x425;&#x430;&#x43A;&#x430;&#x441;&#x441;&#x43A;&#x438;&#x439; &#x433;&#x43E;&#x441;&#x443;&#x434;&#x430;&#x440;&#x441;&#x442;&#x432;&#x435;&#x43D;&#x43D;&#x44B;&#x439; &#x443;&#x43D;&#x438;&#x432;&#x435;&#x440;&#x441;&#x438;&#x442;&#x435;&#x442; &#x438;&#x43C;. &#x41D;.&#x424;. &#x41A;&#x430;&#x442;&#x430;&#x43D;&#x43E;&#x432;&#x430;"</subfield>
    <subfield code="d">2019</subfield>
  </datafield>
  <datafield tag="215" ind1=" " ind2=" ">
    <subfield code="a">231 &#x441;.</subfield>
    <subfield code="d">21</subfield>
  </datafield>
  <datafield tag="300" ind1=" " ind2=" ">
    <subfield code="a">&#x422;&#x435;&#x43A;&#x441;&#x442; &#x440;&#x443;&#x441;., &#x43D;&#x435;&#x43C;., &#x441;&#x43B;&#x43E;&#x432;&#x430;&#x446;., &#x430;&#x43D;&#x433;&#x43B;.</subfield>
  </datafield>
  <datafield tag="320" ind1=" " ind2=" ">
    <subfield code="a">&#x411;&#x438;&#x431;&#x43B;&#x438;&#x43E;&#x433;&#x440;. &#x432; &#x43A;&#x43E;&#x43D;&#x446;&#x435; &#x441;&#x442;.</subfield>
  </datafield>
  <datafield tag="600" ind1=" " ind2="1">
    <subfield code="a">&#x413;&#x443;&#x43C;&#x431;&#x43E;&#x43B;&#x44C;&#x434;&#x442;</subfield>
    <subfield code="b">&#x410;.</subfield>
    <subfield code="g">&#x410;&#x43B;&#x435;&#x43A;&#x441;&#x430;&#x43D;&#x434;&#x440; &#x444;&#x43E;&#x43D;</subfield>
    <subfield code="f">1769 - 1859</subfield>
    <subfield code="2">nlr_sh2</subfield>
    <subfield code="3">RU\NLR\AUTH\6601580849</subfield>
  </datafield>
  <datafield tag="606" ind1="1" ind2=" ">
    <subfield code="a">&#x424;&#x438;&#x43B;&#x43E;&#x43B;&#x43E;&#x433;&#x438;&#x44F;</subfield>
    <subfield code="j">&#x421;&#x44A;&#x435;&#x437;&#x434;&#x44B;, &#x441;&#x43E;&#x432;&#x435;&#x449;&#x430;&#x43D;&#x438;&#x44F; &#x438; &#x442;.&#x43F;</subfield>
    <subfield code="2">nlr_sh2</subfield>
    <subfield code="3">RU\NLR\AUTH\6619068</subfield>
  </datafield>
  <datafield tag="686" ind1="1" ind2=" ">
    <subfield code="a">&#x414;8&#x434;(3)&#x413;&#x443;&#x43C;&#x431;&#x43E;&#x43B;&#x44C;&#x434;&#x442;</subfield>
  </datafield>
  <datafield tag="686" ind1="1" ind2=" ">
    <subfield code="a">&#x411;.&#x434;(4&#x413;)&#x413;&#x443;&#x43C;&#x431;&#x43E;&#x43B;&#x44C;&#x434;&#x442;</subfield>
  </datafield>
  <datafield tag="686" ind1="1" ind2=" ">
    <subfield code="a">&#x428;.&#x44F;434</subfield>
  </datafield>
  <datafield tag="702" ind1=" " ind2="1">
    <subfield code="a">&#x410;&#x43C;&#x437;&#x430;&#x440;&#x430;&#x43A;&#x43E;&#x432;&#x430;</subfield>
    <subfield code="b">&#x418;. &#x41F;.</subfield>
    <subfield code="g">&#x418;&#x440;&#x438;&#x43D;&#x430; &#x41F;&#x435;&#x442;&#x440;&#x43E;&#x432;&#x43D;&#x430;</subfield>
    <subfield code="4">340</subfield>
  </datafield>
  <datafield tag="702" ind1=" " ind2="1">
    <subfield code="a">&#x413;&#x443;&#x43C;&#x431;&#x43E;&#x43B;&#x44C;&#x434;&#x442;</subfield>
    <subfield code="b">&#x410;. &#x444;&#x43E;&#x43D;</subfield>
    <subfield code="f">1769-1859</subfield>
    <subfield code="g">&#x410;&#x43B;&#x435;&#x43A;&#x441;&#x430;&#x43D;&#x434;&#x440; &#x444;&#x43E;&#x43D;</subfield>
    <subfield code="3">RU\NLR\AUTH\7779374</subfield>
    <subfield code="4">570</subfield>
  </datafield>
  <datafield tag="711" ind1="1" ind2="2">
    <subfield code="a">"&#x41E;&#x442; &#x434;&#x438;&#x444;&#x444;&#x435;&#x440;&#x435;&#x43D;&#x446;&#x438;&#x430;&#x446;&#x438;&#x438; &#x43D;&#x430;&#x443;&#x43A; - &#x43A; &#x442;&#x440;&#x430;&#x43D;&#x441;&#x434;&#x438;&#x441;&#x446;&#x438;&#x43F;&#x43B;&#x438;&#x43D;&#x430;&#x440;&#x43D;&#x43E;&#x441;&#x442;&#x438;", &#x432;&#x441;&#x435;&#x440;&#x43E;&#x441;&#x441;&#x438;&#x439;&#x441;&#x43A;&#x430;&#x44F; &#x43D;&#x430;&#x443;&#x447;&#x43D;&#x43E;-&#x43F;&#x440;&#x430;&#x43A;&#x442;&#x438;&#x447;&#x435;&#x441;&#x43A;&#x430;&#x44F; &#x43A;&#x43E;&#x43D;&#x444;&#x435;&#x440;&#x435;&#x43D;&#x446;&#x438;&#x44F; &#x441; &#x43C;&#x435;&#x436;&#x434;&#x443;&#x43D;&#x430;&#x440;&#x43E;&#x434;&#x43D;&#x44B;&#x43C; &#x443;&#x447;&#x430;&#x441;&#x442;&#x438;&#x435;&#x43C;</subfield>
    <subfield code="f">2019</subfield>
    <subfield code="e">&#x410;&#x431;&#x430;&#x43A;&#x430;&#x43D;</subfield>
    <subfield code="3">RU\NLR\AUTH\880513651</subfield>
  </datafield>
  <datafield tag="712" ind1="0" ind2="2">
    <subfield code="a">&#x425;&#x430;&#x43A;&#x430;&#x441;&#x441;&#x43A;&#x438;&#x439; &#x433;&#x43E;&#x441;&#x443;&#x434;&#x430;&#x440;&#x441;&#x442;&#x432;&#x435;&#x43D;&#x43D;&#x44B;&#x439; &#x443;&#x43D;&#x438;&#x432;&#x435;&#x440;&#x441;&#x438;&#x442;&#x435;&#x442; &#x438;&#x43C;. &#x41D;. &#x424;. &#x41A;&#x430;&#x442;&#x430;&#x43D;&#x43E;&#x432;&#x430;</subfield>
    <subfield code="c">&#x410;&#x431;&#x430;&#x43A;&#x430;&#x43D;</subfield>
    <subfield code="b">&#x418;&#x43D;&#x441;&#x442;&#x438;&#x442;&#x443;&#x442; &#x444;&#x438;&#x43B;&#x43E;&#x43B;&#x43E;&#x433;&#x438;&#x438; &#x438; &#x43C;&#x435;&#x436;&#x43A;&#x443;&#x43B;&#x44C;&#x442;&#x443;&#x440;&#x43D;&#x43E;&#x439; &#x43A;&#x43E;&#x43C;&#x43C;&#x443;&#x43D;&#x438;&#x43A;&#x430;&#x446;&#x438;&#x438;</subfield>
    <subfield code="3">RU\NLR\AUTH\8810224035</subfield>
    <subfield code="4">570</subfield>
  </datafield>
  <datafield tag="942" ind1=" " ind2=" ">
    <subfield code="c">BOOK</subfield>
  </datafield>
  <datafield tag="980" ind1=" " ind2=" ">
    <subfield code="a">NBR</subfield>
  </datafield>
  <datafield tag="980" ind1=" " ind2=" ">
    <subfield code="a">NB</subfield>
  </datafield>
</record>
